[Event "NRW-ch U18 Girls"]
[Site "Kranenburg"]
[Date "2007.04.11"]
[Round "4"]
[White "Klinger, Jacquelin"]
[Black "Petrova, Alina"]
[Result "1-0"]
[WhiteElo "1416"]
[BlackElo "1328"]
[PlyCount "147"]
[EventDate "2007.04.09"]
[EventType "swiss"]
[EventRounds "7"]
[EventCountry "GER"]
[SourceTitle "EXT 2008"]
[Source "ChessBase"]
[SourceDate "2007.11.25"]
[SourceVersion "1"]
[SourceVersionDate "2007.11.25"]
[SourceQuality "1"]

1. e4 c5 2. Nf3 Nc6 3. d3 d6 4. Be2 g6 5. Nc3 Bg7 6. Bd2 Nf6 7. h3 a6 8. Qc1 0-0 9. Bh6 Re8 10. Nh2 Bh8 11. g4 Nd7 12. Qd2 e6 13. Nf3 Nde5 14. Ng5 f6 15. Nf3 Nxf3+ 16. Bxf3 Ne5 17. Be2 b5 18. f4 Nf7 19. g5 Nxh6 20. gxh6 f5 21. h4 Bb7 22. h5 b4 23. Nd1 fxe4 24. Rh3 Qf6 25. hxg6 hxg6 26. h7+ Kf7 27. c3 Qf5 28. Rg3 bxc3 29. bxc3 Bf6 30. Bg4 Qd5 31. Rh3 exd3 32. Qxd3 Bh4+ 33. Kd2 Qg2+ 34. Qe2 Bf6 35. Rb1 Qxe2+ 36. Kxe2 Bd5 37. a3 Bc4+ 38. Kd2 Bh8 39. Ne3 Bb5 40. c4 Bd7 41. Rb7 Red8 42. Bf3 Rab8 43. Ra7 Rb2+ 44. Nc2 Rb6 45. a4 Ke8 46. a5 Rb2 47. Rxa6 e5 48. Rh6 Bf5 49. Bd1 exf4 50. Rh2 Kf7 51. Ra7+ Rd7 52. Ra8 Bd4 53. h8Q Bxh8 54. Raxh8 Ra2 55. Ra8 Be4 56. Rh7+ Ke6 57. Re8+ Kf6 58. Rxd7 Bf5 59. Rxd6+ Kg5 60. Ra6 Kh4 61. Re1 Kg3 62. Kc1 f3 63. Re3 Be4 64. Ne1 Ra1+ 65. Kd2 Ra2+ 66. Nc2 Kg2 67. Rf6 f2 68. Re2 Bf3 69. Rxg6+ Kf1 70. Re3 Rxc2+ 71. Bxc2 Be2 72. a6 Bxc4 73. a7 Bd5 74. Bd3# 1-0

[Event "NRW-ch U18 Girls"]
[Site "Kranenburg"]
[Date "2007.04.09"]
[Round "1"]
[White "Petrova, Alina"]
[Black "Bluebaum, Johanna"]
[Result "0-1"]
[WhiteElo "1328"]
[BlackElo "1956"]
[PlyCount "56"]
[EventDate "2007.04.09"]
[EventType "swiss"]
[EventRounds "7"]
[EventCountry "GER"]
[SourceTitle "EXT 2008"]
[Source "ChessBase"]
[SourceDate "2007.11.25"]
[SourceVersion "1"]
[SourceVersionDate "2007.11.25"]
[SourceQuality "1"]

1. e4 e6 2. d4 d5 3. Nc3 Bb4 4. exd5 exd5 5. Nf3 Bg4 6. Be2 Nf6 7. 0-0 0-0 8. Bf4 c6 9. a3 Bd6 10. Bg5 Nbd7 11. Re1 Qc7 12. Ne5 Bxe2 13. Qxe2 Rae8 14. f4 Ne4 15. Nxd7 Qxd7 16. Qd3 Nxg5 17. fxg5 Qg4 18. Ne2 Qxg5 19. Rf1 Re3 20. Qd2 Rfe8 21. Rf2 Qh4 22. g3 Qh5 23. Re1 f6 24. Kf1 Bxg3 25. Nxg3 Rxe1+ 26. Kg2 Qg4 27. h3 Qg6 28. c3 R8e3 0-1

[Event "Recklinghausen op 16th"]
[Site "Recklinghausen"]
[Date "2006.10.13"]
[Round "6"]
[White "Burike, Christian"]
[Black "Petrova, Alina"]
[Result "1-0"]
[WhiteElo "1543"]
[BlackElo "1186"]
[PlyCount "122"]
[EventDate "2006.10.07"]
[EventType "swiss"]
[EventRounds "7"]
[EventCountry "GER"]
[SourceTitle "CBM 114 Extra"]
[Source "ChessBase"]
[SourceDate "2006.11.03"]
[SourceVersion "1"]
[SourceVersionDate "2006.11.03"]
[SourceQuality "1"]

1. c4 e5 2. Nc3 Nf6 3. d3 d5 4. cxd5 Nxd5 5. Bd2 Bb4 6. Nf3 Nc6 7. g3 0-0 8. Bg2 Be6 9. 0-0 Bxc3 10. bxc3 h6 11. Qc2 f5 12. Rfb1 Rb8 13. e4 fxe4 14. dxe4 Nb6 15. Rd1 Qf6 16. h3 Rbd8 17. Be3 Nc4 18. Bc5 Rxd1+ 19. Qxd1 Rd8 20. Qe2 b6 21. Be3 N6a5 22. Bc1 c5 23. Ne1 Nd6 24. Qc2 Rf8 25. f4 Qg6 26. Qd3 Bc4 27. Qf3 exf4 28. Bxf4 Bb5 29. Qd1 Nac4 30. e5 Ne4 31. Qd5+ Kh8 32. Qxe4 Qh5 33. Rb1 Ba6 34. Rd1 Qxd1 35. Bf3 Qd8 36. Qg6 Qe7 37. Be4 Kg8 38. Qh7+ Kf7 39. Bd5+ Ke8 40. Qg6+ Kd7 41. Qc6+ Kd8 42. Be6 Nxe5 43. Qa8+ Kc7 44. Bxe5+ Qd6 45. Bxd6+ Kxd6 46. Qxf8+ Kxe6 47. Qxg7 Kd5 48. Qxa7 Bc8 49. Qxb6 Bxh3 50. Qxh6 Be6 51. Qh5+ Kc4 52. g4 Bxg4 53. Qxg4+ Kxc3 54. a4 c4 55. a5 Kb3 56. a6 c3 57. a7 c2 58. Nxc2 Kxc2 59. a8Q Kc3 60. Qaf3+ Kd2 61. Qgg2+ Ke1 1-0

[Event "Recklinghausen op 16th"]
[Site "Recklinghausen"]
[Date "2006.10.12"]
[Round "5"]
[White "Petrova, Alina"]
[Black "Kusnetsov, Mark"]
[Result "0-1"]
[WhiteElo "1186"]
[BlackElo "2012"]
[PlyCount "66"]
[EventDate "2006.10.07"]
[EventType "swiss"]
[EventRounds "7"]
[EventCountry "GER"]
[SourceTitle "CBM 114 Extra"]
[Source "ChessBase"]
[SourceDate "2006.11.03"]
[SourceVersion "1"]
[SourceVersionDate "2006.11.03"]
[SourceQuality "1"]

1. e4 c5 2. Nf3 Nc6 3. d4 cxd4 4. Nxd4 Nf6 5. Nc3 g6 6. Bc4 Bg7 7. Be3 d6 8. Qd2 Ng4 9. Nxc6 bxc6 10. Bg5 Rb8 11. Bb3 Ba6 12. Qf4 Ne5 13. 0-0-0 h6 14. Bh4 g5 15. Qe3 gxh4 16. Qxa7 Qb6 17. Qxb6 Rxb6 18. f4 Nd7 19. Rhe1 Nc5 20. e5 Nxb3+ 21. axb3 dxe5 22. fxe5 0-0 23. Na4 Rb5 24. e6 Re5 25. exf7+ Rxf7 26. c4 Bc8 27. Rd8+ Rf8 28. Rxf8+ Kxf8 29. Rf1+ Rf5 30. Rxf5+ Bxf5 31. Nc3 Be5 32. h3 Bxc3 33. bxc3 Be4 0-1